Derecho de alimentos: análisis actualizado y formularios

Guardat en:
Dades bibliogràfiques
Autor principal: Garrido Chacana, Carlos
Format: Llibre
Idioma:espanyol
Publicat: Santiago Metropolitana 2014
Edició:1a. ed
Matèries:
Etiquetes: Afegir etiqueta
Sense etiquetes, Sigues el primer a etiquetar aquest registre!

MARC

LEADER 00000cam a2200000 a 4500
001 UCE4104
003 CL-VaPUC
008 141009e20140600cl |||||||||||||||||spa|d
020 |a 9789562861779 
082 0 4 |a 346.830172  |b GAR  |2 21 
100 |a Garrido Chacana, Carlos  |9 737472 
245 1 0 |a Derecho de alimentos: análisis actualizado y formularios 
250 |a 1a. ed 
300 |a 489 p 
942 |c BK 
945 |d 20141009 14:36:00  |a arojas 
260 |a Santiago  |b Metropolitana  |c 2014 
650 0 |a Matrimonio civil  |9 385406 
650 0 |a Derecho civil chileno  |9 320612 
650 0 |a Derecho de familia  |9 255603 
650 0 |a Juicio de alimentos  |9 336568 
650 7 |a TRIBUNALES DE FAMILIA  |2 CL-VaPUC  |9 576685 
583 |a last modification  |c 20160505 09:44:33  |k Rodrigo Vera 
999 |c 357181  |d 357179 
952 |0 0  |1 0  |3 erb  |4 0  |6 346_830172000000000_GAR_2014  |7 0  |8 A  |9 465004  |a BIBDER  |b BIBDER  |i 5117739  |l 1  |o 346.830172 GAR 2014  |p 5117739  |r 2023-04-12  |s 2023-04-05  |w 2019-11-23  |y BK  |z Catalogado en:20141009  |k DER